Ελεύθερος κόσμος : η Αμερική, η Ευρώπη και το εκπληκτικό μέλλον της δύσης
Αποθηκεύτηκε σε:
| Κύριος συγγραφέας: | |
|---|---|
| Άλλοι συγγραφείς: | , |
| Μορφή: | Βιβλίο |
| Γλώσσα: | Greek English |
| Δημοσίευση: |
Αθήνα :
Πόλις,
2005.
|
| Θέματα: | |
| Ετικέτες: |
Προσθήκη ετικέτας
Δεν υπάρχουν, Καταχωρήστε ετικέτα πρώτοι!
|
MARC
| LEADER | 00000cam a2200000 i 4500 | ||
|---|---|---|---|
| 001 | 1/53194 | ||
| 008 | 070830s2005 gr | ||| |||| ||gre|| | ||
| 020 | |a 9604350781 | ||
| 035 | |l 10090220 | ||
| 040 | |a GR-MyUA |b gre |e AACR2 | ||
| 041 | 1 | |a gre |h eng | |
| 082 | 7 | |a 909.09821 |2 (23) | |
| 082 | 7 | |a 909.09821083 |2 (22) | |
| 100 | 1 | |a Garton Ash, Timothy. | |
| 245 | 1 | 0 | |a Ελεύθερος κόσμος : |b η Αμερική, η Ευρώπη και το εκπληκτικό μέλλον της δύσης / |c Τίμοθυ Γκάρτον Ας ; μετάφραση Τάνια Μποζανίνου ; επιμέλεια Άννα Μαραγκάκη ; επίμετρο Μιχάλης Μήτσος. |
| 260 | |a Αθήνα : |b Πόλις, |c 2005. | ||
| 300 | |a 460 σ. : |b χάρτες ; |c 21 εκ. | ||
| 500 | |a Τίτλος πρωτοτύπου: Free world. | ||
| 504 | |a Περιέχει βιβλιογραφικές παραπομπές. | ||
| 650 | 0 | |a World politics |y 1989- | |
| 650 | 0 | |a History, Modern |y 20th century. | |
| 650 | 0 | |a History, Modern |y 21st century. | |
| 650 | 0 | |a Civilization, Western |y 20th century. | |
| 650 | 0 | |a Civilization, Western |y 21st century. | |
| 700 | 1 | |a Μποζανίνου, Τάνια, |e trlf | |
| 700 | 1 | |a Μαραγκάκη, Άννα, |e edtf | |
| 700 | 1 | |a Μητσός, Μιχάλης, |d 1959- |e oth | |
| 852 | |a INST |b LESVOS |e 20070830 |h 909.09821083 GAR |p 005100039318 |q 005100039318 |t BK |y 0 | ||
| 901 | |a BIBL1-2007-2 | ||
| 922 | |a 1ΕΛΗ |b 200707 |c ΕΠΕΑΕΚ2/ΤΓ |d Σ. Πατάκης | ||
| 970 | |a Καρά |b Γιασεμή |z 30/08/2007 | ||